Quizzes
Events
Quiz Creation
Community
Videos
Private Events
Remove Ads
Sign In
Join for FREE
Feedback
Dark Mode
Quiz Categories
Sports
Geography
Music
Movies
Television
Just For Fun
Miscellaneous
History
Literature
Language
Science
Gaming
Entertainment
Religion
Holiday
For Kids
Quiz Lab
Recent
Popular Today
Quiz Kudos Today
Editor Picks
Curator Picks
Quizzes by...
Day
Popularity
Type
Ratings
Length
Year
Community
Subscriptions
Recent Discussions
Orange Saloon
Badges
Playlists
Quests
Create
Leaderboards
Showdown
Live 5
Trivia Bingo
Activity
Puzzle Library
Sporcle Events
Private Events
Virtual Trivia
Globe League
Become a Host
Pub Owners
SporcleCon
Opinionation
Our Games
Videos
Blog
Mobile Apps
Partnerships
Remove Ads and Go Orange
Feedback
Geography
Country
Landmarks
City
State
Population
World
Capital
Continent
Flags
Europe
Africa
Asia
South America
North America
Oceania
Border
Canada
United Kingdom
Topography
United States
Geography
Country
Landmarks
City
State
Population
World
Capital
Continent
Flags
Europe
Africa
Asia
South America
North America
Oceania
Border
Canada
United Kingdom
Topography
United States
Random Quiz
Search Sporcle
×
Quiz Lab
Quiz Lab
Geography
Country
Select answers by clicking on text or image buttons
Select answers by clicking on text or image buttons
Clickable
Best Score? Go Orange.
Countries' Largest Islands (Clickable) Stats
Can you pick the country by its largest island?
By
Maphead
6m
40 Questions
893 Plays
893 Plays
893 Plays
Comments
Comments
Give Quiz Kudos
Give Quiz Kudos
-
- Ratings
hide this ad
More Info
Forced Order
Answers have to be entered in order
Answers have to be entered in order
Replay
Link that replays current quiz
Next Quiz
Link to next quiz in quiz playlist
You Got
0%
They Got
Avg Score
72%
Avg Friend Score
Upgrade to see
Score Distribution
Jump to the score distribution portion of the page
Score
0/40
Timer
06:00
0
Plays Today
% Correct
United Kingdom
98%
Madagascar
97.9%
Sri Lanka
97.8%
Cuba
97.4%
Iceland
97.4%
Denmark
97.3%
Italy
97.1%
Jamaica
97%
United States
96.9%
Trinidad and Tobago
96.6%
Greece
96.2%
Cyprus
95.9%
Australia
95.3%
Japan
95.1%
Taiwan
93.8%
Indonesia
92.3%
Spain
89.6%
New Zealand
88.4%
France
87.7%
Canada
86.9%
% Correct
Norway
75.1%
China
74.9%
Philippines
74.1%
Sweden
74%
Comoros
71.3%
Russia
68.2%
Slovakia
56.4%
Fiji
49.2%
Solomon Islands
47.1%
South Korea
44.7%
Estonia
43.3%
Bangladesh
40.6%
Papua New Guinea
40.4%
Brazil
39%
Bahamas
38.3%
Yemen
37.5%
Colombia
37%
Equatorial Guinea
35.7%
Ecuador
33%
Vanuatu
18.4%
Quiz Playlist
Details
Report
Send in Message
Add To Playlist
More Info:
Does not include shared islands. Ex: Ireland is not Ireland's largest island, as it shares the island with the U.K.
Clickable:
Select answers by clicking on text or image buttons
Forced Order:
Answers have to be entered in order
Last Updated: Feb 16, 2017
Quiz Scoreboard
CHALLENGE
Sign Up to Join the Scoreboard
Show All
Scores
Hide
Comments
May contain spoilers
Recently Published
TV Characters by Other Roles V
by ghcgh
Television
5m
Decade Duel: World Leaders
by jenniferyan
History
4m
Alphabetical 'K' Countries by Flag Minefield
by ylime102
Geography
3m
More to Explore
Quiz From the Vault
Featured Blog Post
15 Basketball Trivia Facts You Can Be March Mad About
hide this ad
You Might Also Like...
Tags
Country Quiz
area
island
Island Countries
Today's Top Quizzes in Geography
Browse Geography
hide this ad
Today's Top Quizzes in Country
Browse Country
Top Contributed Quizzes in Geography
1
Countries of the World - No Outlines Minefield
2
Least Populated Answer: 'G' Countries
3
Pick 6: Mountains
4
'A' Capitals Crossword
5
Countries of the World: 1800
6
Alphabetical 'L' Countries By Flag Minefield
7
Lietuvos savivaldybės (Lithuanian Municipalities)
8
Pick 6: National Parks
9
Pick 6: US States
10
Alphabetical 'M' Countries By Flag Minefield
Explore More
Trending Topics
Harry Potter
Marvel
NBA
Disney
Crossword
Anime
Kpop
NFL
WWE
The Office
Puzzle
Country
Soccer
Pokémon
Song
hide this ad
More By:
Maphead
Quiz
Plays
Rating
Category
Featured
Created
Official Languages of Asia
62,902
4.58
Geography
Jan 2, 2012
Every Rushing TD in 2015 NFL Season
34,430
4.47
Sports
Jan 13, 2016
Official Languages of Africa
8,729
4.80
Language
Jan 1, 2012
Official Languages of Oceania
5,227
3.94
Geography
Jan 4, 2012
Grand Slam Quarterfinal Appearances in the 2010s (M)
4,916
4.76
Sports
Sep 10, 2012
Go to Creator's Profile
Score Distribution
Quiz Creator Spotlight
Maphead
Follow
Send a Message
Quizzes Created
-
Created Quiz Play Count
-
More By This Creator
Popular Quizzes Today
1
Countries of Asia Without Outlines Minefield
2
Find the US States - No Outlines Minefield
3
Pick 6: Fruits
4
The Countries of the World
5
Find the Countries of Europe - No Outlines Minefield
6
Alphabetical 'K' Countries by Flag Minefield
7
US States
8
Find the US States
More Geography Quizzes
Acrostic Georgia (state)
Quiz Lab
Trending Quizzes
Pick 6: Mountains
Pick 6: Harry Potter
Pick 6: Flags
Pick 6: NFL Teams
C Names for Actors
Recently Updated
Adaptations: Name the Title
pecheneg
NWSL Teams
pecheneg
Women's Final Four Teams by Year
bhenderson79
Presidents Quartet II
eogle
Anything But Clue(do)
eogle
Anything But Oceanian Capitals
eogle
Anything But 7
eogle
Anything But Thing
eogle
Word Ladder: February 29
pecheneg
Song Title Questions
pecheneg
Trending Topics
Crossword
Kpop
Marvel
NBA
Anime
Disney
Harry Potter
The Office
Soccer
Country
Song
Puzzle
Pokémon
NFL
WWE
Your Account Isn't Verified!
In order to create a playlist on Sporcle, you need to verify the email address you used during registration. Go to your
Sporcle Settings
to finish the process.
Report this User
Report this user for behavior that violates our
Community Guidelines
.
Details:
Send Report
Go to the Sporcle.com Mobile Site →
Comments